Řídit strachem, nebo láskou?
Je prospešnejšie mávať okolo seba bičom a motivovať ľudí strachom, alebo ich viesť s láskou a priateľstvom? Strach šéfovu autoritu nevytvorí ani neposilní. Priateľstvo a pracovné vzťahy. Pracovisko nie je náhradná rodina. Získanie rešpektu bez biča. Silná motivácia - vyznávanie spoločných hodnôt.
Salvato in:
| Autore principale: | |
|---|---|
| Natura: | Capitolo di libro |
| Lingua: | ceco |
| Soggetti: | |
| Tags: |
Nessun Tag, puoi essere il primo ad aggiungerne!!
|
MARC
| LEADER | 00000naa a2200000 4500 | ||
|---|---|---|---|
| 001 | 0186757 | ||
| 005 | 20231211094600.5 | ||
| 041 | 0 | |a cze | |
| 044 | |a CZ | ||
| 245 | 1 | 0 | |a Řídit strachem, nebo láskou? |c Lukáš Sedláček |
| 520 | |a Je prospešnejšie mávať okolo seba bičom a motivovať ľudí strachom, alebo ich viesť s láskou a priateľstvom? Strach šéfovu autoritu nevytvorí ani neposilní. Priateľstvo a pracovné vzťahy. Pracovisko nie je náhradná rodina. Získanie rešpektu bez biča. Silná motivácia - vyznávanie spoločných hodnôt. | ||
| 610 | 2 | 0 | |a riadenie podnikové |
| 610 | 2 | 0 | |a manažment |
| 610 | 2 | 0 | |a manažéri |
| 610 | 2 | 0 | |a metódy riadenia |
| 610 | 2 | 0 | |a zamestnanci |
| 610 | 2 | 0 | |a motivácia pracovná |
| 100 | 1 | |a Sedláček, Lukáš | |